Histoire critique des doctrines de l'éducation en France depuis le seizième siècle /
保存先:
| 第一著者: | |
|---|---|
| フォーマット: | 図書 |
| 言語: | フランス語 |
| 版: | 5a edición |
| 主題: | |
| タグ: |
タグなし, このレコードへの初めてのタグを付けませんか!
|
MARC
| LEADER | 00000nam^a2200000^a^4500 | ||
|---|---|---|---|
| 001 | 000364909 | ||
| 005 | 20250526000000.0 | ||
| 009 | 20260310115628.427 | ||
| 037 | |a Acervo ITESO - Biblioteca | ||
| 041 | |a FRA | ||
| 082 | |a 370. 944 |b COM V. 1 | ||
| 100 | |a Compayré, Gabriel |e (autor) | ||
| 240 | 1 | 1 | |a [Histoire critique des doctrines de l'éducation en France depuis le seizième siècle] |
| 245 | 1 | 0 | |a Histoire critique des doctrines de l'éducation en France depuis le seizième siècle / |c G. Compayré. |
| 250 | |a 5a edición | ||
| 264 | |a París, Francia : |b Hachette, |c 1885, c1885 | ||
| 300 | |a 460 p. ; |c 18.0 cm. | ||
| 336 | |a texto |b txt |2 rdacontenido | ||
| 337 | |a sin mediación |b n |2 rdamedio | ||
| 338 | |a volumen |b nc |2 rdasoporte | ||
| 649 | |a XX | ||
| 650 | |a Jesuitas en Francia - |x Historia | ||
| 650 | |a Universidades - |z Francia - |x Historia | ||
| 650 | |a Jansenismo - |x Historia | ||
| 650 | |a Reforma Educativa - |z Francia - |x Historia | ||
| 650 | |a Filosofía de la Educación - |x Historia | ||
| 650 | |a Educación Superior - |z Francia - |x Historia | ||
| 650 | |a Educación - |x Teoría - |x Historia | ||
| 650 | |a Educación - |z Francia - |x Historia - |x Tema Principal | ||
| 650 | |a Educación - |x Historia - |y Siglo XVII | ||
| 650 | |a Educación - |x Historia - |y Siglo XVI | ||
| 650 | |a Educación - |x Historia | ||
| 650 | |a Rabelais, François | ||
| 650 | |a Montaigne, Michel Eyquem de | ||
| 600 | |a Erasmo de Rotterdam | ||
| 600 | |a Ignacio de Loyola, |c Santo | ||
| 910 | |a Fondo General | ||
| 920 | |a Impresos - Libros | ||
| 930 | |a Libros Antiguos y Raros | ||
| 905 | |a 108 | ||
| 901 | |a 0500258557 |b IT2 |c LRA |i D75171 |u 20250526 | ||
| 902 | |a https://opac.biblio.iteso.mx/vufind/Record/000364909 | ||